[Event "Championnat de France - Open B"]
[Site "Aix-les-Bains"]
[Date "????.??.??"]
[Round "4.1"]
[White "Giua, Stephanie"]
[Black "Le Diouron, Aurelie"]
[Result "1-0"]
[WhiteElo "1968"]
[BlackElo "1995"]
[PlyCount "99"]

1. e4 e5 2. Nf3 Nc6 3. Bb5 a6 4. Ba4 Nf6 5. O-O b5 6. Bb3 Be7 7. Re1 O-O 8. c3
d5 9. exd5 Nxd5 10. Nxe5 Nxe5 11. Rxe5 c6 12. d4 Bd6 13. Re1 Qh4 14. g3 Qh3 15.
Be3 Bg4 16. Qd3 Rae8 17. Nd2 f5 18. Qf1 Qh5 19. f4 Kh8 20. Bxd5 cxd5 21. a4 g5
22. axb5 axb5 23. Qf2 Re6 24. b3 Rfe8 25. fxg5 f4 26. gxf4 Qh3 27. Nf1 Bf3 28.
Qg3 Qh5 29. Bf2 Be4 30. Re3 Rf8 31. Qh4 Qxh4 32. Bxh4 Bxf4 33. Re2 Rg8 34. Ng3
Bxg5 35. Bxg5 Rxg5 36. Ra5 Rc6 37. Re3 Rb6 38. Kf2 Bc2 39. c4 dxc4 40. bxc4 Rg4
41. Rxb5 Rf6+ 42. Ke2 Rxd4 43. Rb8+ Kg7 44. Nh5+ Kg6 45. Nxf6 Kxf6 46. Rf8+ Kg6
47. Rg3+ Kh6 48. Rc3 Ba4 49. c5 Rd7 50. Rg8 1-0

[Event "Championnat de France - Open B"]
[Site "Aix-les-Bains"]
[Date "????.??.??"]
[Round "4.2"]
[White "Millon, Valentin"]
[Black "Chapdelaine, Romain"]
[Result "1-0"]
[WhiteElo "1938"]
[BlackElo "1970"]
[PlyCount "67"]

1. e4 c5 2. Nf3 e6 3. Nc3 a6 4. g3 Nc6 5. Bg2 Nge7 6. d4 cxd4 7. Nxd4 Nxd4 8.
Qxd4 Nc6 9. Qd3 Qc7 10. a3 b5 11. O-O Bb7 12. f4 h5 13. h3 O-O-O 14. Be3 g5 15.
fxg5 Ne5 16. Qe2 Nc4 17. Bf4 Qc5+ 18. Kh1 Nxb2 19. Nd1 Nc4 20. a4 d5 21. axb5
axb5 22. exd5 Bg7 23. Ra2 Bxd5 24. Ne3 Nxe3 25. Bxe3 Qc4 26. Qxc4+ bxc4 27.
Bxd5 Rxd5 28. Rxf7 Be5 29. Ra8+ Bb8 30. Ba7 Rd1+ 31. Kg2 Rb1 32. Rxb8+ Rxb8 33.
Bxb8 Kxb8 34. g6 1-0

[Event "Championnat de France - Open B"]
[Site "Aix-les-Bains"]
[Date "????.??.??"]
[Round "4.3"]
[White "Saez, Nicolas"]
[Black "Gertosio, Franck"]
[Result "0-1"]
[WhiteElo "1989"]
[BlackElo "1903"]
[PlyCount "84"]

1. e4 d6 2. d4 Nf6 3. Nc3 c6 4. Nf3 Bg4 5. Be2 e6 6. Bg5 Be7 7. O-O O-O 8. Qd2
Nbd7 9. Rad1 h6 10. Be3 b5 11. Qd3 b4 12. Nb1 Bh5 13. Nfd2 Bg6 14. f3 d5 15.
Bf2 c5 16. c3 Nh5 17. g3 Nhf6 18. Rfe1 Qc8 19. Bf1 Rd8 20. Rc1 Qb7 21. cxb4
cxd4 22. Bxd4 Bxb4 23. a3 Be7 24. b4 dxe4 25. fxe4 Ne5 26. Qc3 Nxe4 27. Nxe4
Rxd4 28. Bg2 Rxe4 29. Bxe4 Bxe4 30. Qxe5 Qb6+ 31. Rc5 Bd5 32. Rec1 Bxc5+ 33.
Rxc5 a5 34. Qc3 axb4 35. axb4 Rb8 36. Kf1 Qxb4 37. Rc8+ Kh7 38. Qc2+ f5 39.
Rxb8 Qxb8 40. Nc3 Qc7 41. Qd2 Bc4+ 42. Ke1 Qc5 0-1

[Event "Championnat de France - Open B"]
[Site "Aix-les-Bains"]
[Date "????.??.??"]
[Round "4.4"]
[White "Lefebvre, Jeremie"]
[Black "Giry, Jean-Marc"]
[Result "0-1"]
[WhiteElo "1918"]
[BlackElo "2000"]
[PlyCount "94"]

1. d4 b6 2. e4 Bb7 3. Nc3 e6 4. Bd3 Bb4 5. Nge2 Ne7 6. a3 Bxc3+ 7. Nxc3 d5 8.
e5 Qd7 9. Ne2 Ba6 10. O-O O-O 11. f4 c5 12. c3 Bxd3 13. Qxd3 Nbc6 14. Be3 c4
15. Qc2 f5 16. exf6 Rxf6 17. Rf3 Rg6 18. Bf2 Rf8 19. Kh1 Nf5 20. Rg1 h5 21. Rh3
Rh6 22. Bh4 Nxh4 23. Rxh4 Qd8 24. Rh3 Qf6 25. Qa4 Na5 26. Qd1 Nb7 27. Rf3 Nd6
28. Ng3 h4 29. Nf1 Ne4 30. Qe1 b5 31. h3 Qf7 32. Ne3 Ng3+ 33. Kh2 Rf6 34. Nf1
Nf5 35. Qe5 Qg6 36. g4 hxg3+ 37. Nxg3 Qh6 38. Ne2 Kh7 39. Rg5 R8f7 40. Ng3 Nxg3
41. Rfxg3 Rf5 42. Qe2 Rxf4 43. Kg2 Qf6 44. Qh5+ Kg8 45. Kh2 Rf2+ 46. Rg2 Qf4+
47. R5g3 Rxg2+ 0-1

[Event "Championnat de France - Open B"]
[Site "Aix-les-Bains"]
[Date "????.??.??"]
[Round "4.5"]
[White "Chasez, Fabien"]
[Black "Larribere, Hadrien"]
[Result "1-0"]
[WhiteElo "1972"]
[BlackElo "1920"]
[PlyCount "81"]

1. e4 c5 2. Nf3 e6 3. c3 d5 4. e5 Nc6 5. d4 cxd4 6. cxd4 a6 7. Be2 Nge7 8. O-O
Bd7 9. b3 Ng6 10. g3 Rc8 11. Bb2 Be7 12. Nbd2 Qb6 13. h4 Nb4 14. a3 Nc6 15. Rc1
O-O 16. h5 Nh8 17. Bd3 f6 18. Qe2 f5 19. Kg2 Nf7 20. Qe3 Qd8 21. Rh1 Nh6 22.
Qe2 Be8 23. b4 Nb8 24. Nb3 Nd7 25. Na5 Rxc1 26. Rxc1 Qb8 27. Bxa6 Nb6 28. Bxb7
Bxh5 29. Qa6 Nc4 30. Nxc4 f4 31. Qxe6+ Kh8 32. Bxd5 Qd8 33. Be4 fxg3 34. fxg3
Bxf3+ 35. Bxf3 Nf5 36. d5 Bg5 37. Rf1 Bh6 38. Bg4 g6 39. Bxf5 gxf5 40. d6 Qa8+
41. Rf3 1-0

[Event "Championnat de France - Open B"]
[Site "Aix-les-Bains"]
[Date "????.??.??"]
[Round "4.6"]
[White "Maiffret, Patrick"]
[Black "Jardine, Ludovic"]
[Result "1/2-1/2"]
[WhiteElo "1965"]
[BlackElo "1912"]
[PlyCount "69"]

1. Nf3 Nf6 2. c4 g6 3. Nc3 c5 4. e4 d6 5. d4 cxd4 6. Nxd4 Nc6 7. Be3 Bg7 8. Be2
O-O 9. O-O Bd7 10. Qd2 Nxd4 11. Bxd4 Bc6 12. f3 Nd7 13. Be3 Qa5 14. b3 Nc5 15.
Rab1 Qb6 16. Rfc1 Rfc8 17. Rc2 Qd8 18. Bf1 Qf8 19. a3 h5 20. b4 Ne6 21. b5 Bxc3
22. Rxc3 Be8 23. Bh6 Ng7 24. f4 Rc7 25. f5 Bd7 26. Rf3 Qd8 27. Qf4 Kh7 28. Bd3
e5 29. Qe3 Be8 30. Rg3 Rd7 31. Rf1 Qc7 32. Qg5 Qd8 33. Qe3 Qc7 34. Qg5 Qd8 35.
Qe3 1/2-1/2

[Event "Championnat de France - Open B"]
[Site "Aix-les-Bains"]
[Date "????.??.??"]
[Round "4.7"]
[White "Mehiaoui, Dounia"]
[Black "Lepot, Simon"]
[Result "1-0"]
[WhiteElo "1909"]
[BlackElo "1964"]
[PlyCount "49"]

1. e4 c5 2. Nf3 d6 3. d4 cxd4 4. Nxd4 Nf6 5. Nc3 a6 6. Bc4 e6 7. Bb3 b5 8. Bg5
Be7 9. Qf3 Qb6 10. O-O-O Nbd7 11. Rhe1 Bb7 12. Qg3 Nc5 13. f3 O-O 14. Kb1 b4
15. Na4 Qa5 16. Nxc5 dxc5 17. Bxf6 Bxf6 18. e5 Bh4 19. Qxh4 cxd4 20. Rxd4 Qc5
21. Rxb4 Bd5 22. Bxd5 exd5 23. Qd4 Qa5 24. Rd1 Rfc8 25. Qb6 1-0

[Event "Championnat de France - Open B"]
[Site "Aix-les-Bains"]
[Date "????.??.??"]
[Round "4.8"]
[White "Bekhouche, Christophe"]
[Black "Castro, John"]
[Result "1-0"]
[WhiteElo "1954"]
[BlackElo "1901"]
[PlyCount "58"]

1. Nf3 Nf6 2. d4 g6 3. Bf4 d6 4. e3 Bg7 5. Be2 O-O 6. O-O Bg4 7. h3 Bf5 8. Nbd2
Nbd7 9. Nh4 Be4 10. Nxe4 Nxe4 11. Bd3 d5 12. Nf3 f5 13. c4 e6 14. Qb3 Nb6 15.
c5 g5 16. Bxe4 gxf4 17. Bd3 fxe3 18. cxb6 exf2+ 19. Rxf2 axb6 20. Re2 Qd6 21.
Rae1 Rae8 22. Kh1 c5 23. dxc5 bxc5 24. Qxb7 e5 25. Bb5 Re6 26. Rd2 Rd8 27. Bc4
dxc4 28. Rxd6 Rexd6 29. Qb5 Bf6 1-0

[Event "Championnat de France - Open B"]
[Site "Aix-les-Bains"]
[Date "????.??.??"]
[Round "4.9"]
[White "Robert-Dehault, Etienne"]
[Black "Casier, Remi"]
[Result "1-0"]
[WhiteElo "1950"]
[BlackElo "1895"]
[PlyCount "65"]

1. d4 Nf6 2. c4 g6 3. Nc3 Bg7 4. e4 d6 5. Nf3 O-O 6. Be2 e5 7. O-O Nc6 8. d5
Ne7 9. Nd2 a5 10. Rb1 Nd7 11. a3 f5 12. b4 Nf6 13. f3 f4 14. c5 g5 15. cxd6
cxd6 16. Nb5 axb4 17. Nc4 Ne8 18. Qb3 h5 19. Qxb4 Rf6 20. Nc3 g4 21. Nb6 Rb8
22. Nxc8 Qxc8 23. Nb5 g3 24. h3 Qc5+ 25. Qxc5 dxc5 26. Bb2 Rg6 27. Rfd1 Nc8 28.
Ba1 Ncd6 29. Nxd6 Rxd6 30. Rdc1 Ra8 31. Rxc5 Rxa3 32. Rc8 Kf7 33. Bb5 1-0

[Event "Championnat de France - Open B"]
[Site "Aix-les-Bains"]
[Date "????.??.??"]
[Round "4.10"]
[White "Bollard, Maxime"]
[Black "Gadarinian, Caroline"]
[Result "1-0"]
[WhiteElo "1949"]
[BlackElo "1878"]
[PlyCount "91"]

1. d4 d5 2. c4 c6 3. Nc3 Nf6 4. Nf3 dxc4 5. a4 Bf5 6. Ne5 e6 7. f3 Nbd7 8. e4
Bg6 9. Nxg6 hxg6 10. Bxc4 Qc7 11. e5 Nb6 12. Bb3 Nfd5 13. a5 Nd7 14. O-O Be7
15. Nxd5 exd5 16. Be3 Nf8 17. f4 Ne6 18. Qc2 g5 19. f5 Nf4 20. Bxf4 gxf4 21. a6
O-O-O 22. axb7+ Kxb7 23. Rfc1 f3 24. gxf3 Rh3 25. Qd3 Qb6 26. Bd1 Rdh8 27. Rc2
Bg5 28. Ra3 Ka8 29. Ra6 Be3+ 30. Kh1 Qxd4 31. Qxd4 Bxd4 32. e6 fxe6 33. fxe6
Rg3 34. Rg2 Rxg2 35. Kxg2 Kb7 36. Ra4 c5 37. f4 Rf8 38. Kg3 Bxb2 39. Bf3 Kb6
40. Bxd5 Bf6 41. Re4 Be7 42. Kg4 g6 43. Re2 Rh8 44. Rb2+ Kc7 45. Rb7+ Kd6 46.
Rd7# 1-0

[Event "Championnat de France - Open B"]
[Site "Aix-les-Bains"]
[Date "????.??.??"]
[Round "5.1"]
[White "Gertosio, Franck"]
[Black "Giua, Stephanie"]
[Result "1-0"]
[WhiteElo "1903"]
[BlackElo "1968"]
[PlyCount "57"]

1. e4 c5 2. Nf3 d6 3. c3 Nf6 4. Be2 Nc6 5. d4 cxd4 6. cxd4 e6 7. Nc3 Be7 8. O-O
d5 9. e5 Nd7 10. Be3 O-O 11. Bd3 f6 12. Qb1 f5 13. Qc1 Qe8 14. Ne2 Nb6 15. Bg5
Bd7 16. Qf4 Nb4 17. Bb1 Bb5 18. Qd2 Nc4 19. Qc1 Nxe5 20. Nxe5 Bxe2 21. Re1 Bb5
22. a3 Rc8 23. Qe3 Nc2 24. Bxc2 Rxc2 25. Bxe7 Qxe7 26. Qb3 Rfc8 27. Qxb5 Qh4
28. Nd3 Qf6 29. Qd7 1-0

[Event "Championnat de France - Open B"]
[Site "Aix-les-Bains"]
[Date "????.??.??"]
[Round "5.2"]
[White "Giry, Jean-Marc"]
[Black "Millon, Valentin"]
[Result "1-0"]
[WhiteElo "2000"]
[BlackElo "1938"]
[PlyCount "103"]

1. c4 c5 2. g3 Nc6 3. Bg2 g6 4. Nc3 Bg7 5. e4 d6 6. Nge2 e6 7. O-O Nge7 8. d3
O-O 9. h3 Nd4 10. Be3 a6 11. Qd2 Rb8 12. Rab1 b5 13. b4 Bd7 14. Bf4 cxb4 15.
Rxb4 a5 16. Rbb1 b4 17. Nd1 Qc7 18. Nxd4 Bxd4 19. Be3 Qc5 20. Bxd4 Qxd4 21. Qe3
Nc6 22. f4 a4 23. Rf2 Qxe3 24. Nxe3 b3 25. axb3 Rxb3 26. Rxb3 axb3 27. e5 Nd4
28. exd6 Rc8 29. Rb2 Bc6 30. Bxc6 Rxc6 31. Kf2 Rxd6 32. Nd1 f6 33. Nc3 Kf7 34.
Ne2 Nxe2 35. Kxe2 Rb6 36. Kd2 e5 37. Kc3 h5 38. fxe5 fxe5 39. Rxb3 Ra6 40. c5
Rc6 41. Kc4 Ke7 42. Rb6 Rc8 43. Rxg6 Rd8 44. Rh6 Rd4+ 45. Kc3 Rd5 46. Rxh5
Rxc5+ 47. Kd2 Kf6 48. h4 Rd5 49. Rg5 Rd8 50. Ke3 Rd4 51. g4 Rf4 52. Rf5+ 1-0

[Event "Championnat de France - Open B"]
[Site "Aix-les-Bains"]
[Date "????.??.??"]
[Round "5.3"]
[White "Bismuth, Lea"]
[Black "Chasez, Fabien"]
[Result "1-0"]
[WhiteElo "1931"]
[BlackElo "1972"]
[PlyCount "47"]

1. e4 e6 2. Nc3 d5 3. Nf3 Nf6 4. e5 Nfd7 5. d4 c5 6. dxc5 Bxc5 7. Bd3 Nc6 8.
Bf4 a6 9. a3 Qc7 10. O-O Ndxe5 11. Re1 Bd6 12. Nxe5 Nxe5 13. Nxd5 exd5 14. Qh5
g6 15. Bxe5 Bxe5 16. Rxe5+ Be6 17. Bxg6 O-O-O 18. Bd3 Kb8 19. Rae1 Rdg8 20. Rg5
Re8 21. Rg3 Qb6 22. b4 Qd4 23. Qe2 Qc3 24. Qe5+ 1-0

[Event "Championnat de France - Open B"]
[Site "Aix-les-Bains"]
[Date "????.??.??"]
[Round "5.4"]
[White "Mehiaoui, Dounia"]
[Black "Bekhouche, Christophe"]
[Result "1/2-1/2"]
[WhiteElo "1909"]
[BlackElo "1954"]
[PlyCount "59"]

1. e4 c5 2. Nf3 e6 3. d4 cxd4 4. Nxd4 a6 5. c4 Nf6 6. Bd3 Qc7 7. O-O Be7 8. Nc3
Nc6 9. Nc2 Ne5 10. Qe2 Nfg4 11. Bf4 Bd6 12. Rad1 h5 13. h3 Nxd3 14. Bxd6 Qxd6
15. hxg4 hxg4 16. g3 Qe5 17. Rxd3 Qh5 18. f4 Qh1+ 19. Kf2 Rh2+ 20. Ke1 Rxe2+
21. Kxe2 Qh5 22. Kd1 b5 23. cxb5 axb5 24. e5 Qh2 25. Kc1 b4 26. Nxb4 Rb8 27. a3
Ba6 28. Rd2 Qh3 29. Rfd1 Bb5 30. Nxb5 1/2-1/2

[Event "Championnat de France - Open B"]
[Site "Aix-les-Bains"]
[Date "????.??.??"]
[Round "5.5"]
[White "Miras, Christophe"]
[Black "Robert-Dehault, Etienne"]
[Result "1/2-1/2"]
[WhiteElo "1871"]
[BlackElo "1950"]
[PlyCount "81"]

1. d4 Nf6 2. Nf3 e6 3. e3 b6 4. Bd3 Bb7 5. O-O Be7 6. c4 O-O 7. b3 Ne4 8. Qc2
f5 9. Nfd2 Nxd2 10. Nxd2 Bd6 11. e4 Qg5 12. Nf3 Qg6 13. Re1 Na6 14. a3 Qh5 15.
Qe2 h6 16. e5 Be7 17. Nd2 Qxe2 18. Bxe2 c5 19. Bf3 Bxf3 20. Nxf3 cxd4 21. Nxd4
Nc5 22. Rd1 Rac8 23. Be3 f4 24. Bc1 d6 25. exd6 Bf6 26. Rb1 Rfd8 27. Ne2 g5 28.
a4 Rc6 29. d7 Rxd7 30. Rxd7 Nxd7 31. Ba3 Nc5 32. Bxc5 Rxc5 33. Rd1 Rc7 34. f3
Kf7 35. Kf1 Ke7 36. Ng1 Rd7 37. Ke2 Rxd1 38. Kxd1 Kd6 39. Kc2 Kc5 40. Ne2 Bg7
41. h3 1/2-1/2

[Event "Championnat de France - Open B"]
[Site "Aix-les-Bains"]
[Date "????.??.??"]
[Round "5.6"]
[White "Di Nicolantonio, Lucas"]
[Black "Bollard, Maxime"]
[Result "1/2-1/2"]
[WhiteElo "1848"]
[BlackElo "1949"]
[PlyCount "70"]

1. e4 e6 2. d4 d5 3. Nc3 Bb4 4. e5 c5 5. Bd2 cxd4 6. Nb5 Bc5 7. b4 Be7 8. Nxd4
Nc6 9. Nxc6 bxc6 10. Qg4 Kf8 11. Nf3 Qb6 12. Bd3 Ba6 13. O-O h5 14. Qf4 Bxd3
15. cxd3 Nh6 16. Nd4 Kg8 17. Rfc1 g5 18. Qe3 Ng4 19. Rxc6 Nxe3 20. Rxb6 axb6
21. fxe3 Kf8 22. a4 Ke8 23. b5 Kd7 24. Nc6 Rhf8 25. Nxe7 Kxe7 26. Bb4+ Ke8 27.
Bxf8 Kxf8 28. Kf2 Ke7 29. Ke2 f6 30. exf6+ Kxf6 31. Rc1 Rxa4 32. Rc6 g4 33. h4
Ra2+ 34. Kf1 Ra3 35. Ke2 Ra2+ 1/2-1/2

[Event "Championnat de France - Open B"]
[Site "Aix-les-Bains"]
[Date "????.??.??"]
[Round "5.7"]
[White "Le Diouron, Aurelie"]
[Black "L'Huillier, Robin"]
[Result "1/2-1/2"]
[WhiteElo "1995"]
[BlackElo "1885"]
[PlyCount "48"]

1. e4 e5 2. Nf3 Nc6 3. Bb5 a6 4. Bxc6 dxc6 5. O-O f6 6. d4 exd4 7. Nxd4 c5 8.
Nb3 Qxd1 9. Rxd1 Bg4 10. f3 Bd7 11. Be3 b6 12. a4 O-O-O 13. a5 c4 14. axb6 cxb3
15. cxb3 Bc6 16. Rc1 Kb7 17. bxc7 Rc8 18. Bf4 Ne7 19. Na3 Ng6 20. Bg3 Ne5 21.
Bxe5 fxe5 22. Nc4 Rxc7 23. Na5+ Kb6 24. Nc4+ Kb7 1/2-1/2

[Event "Championnat de France - Open B"]
[Site "Aix-les-Bains"]
[Date "????.??.??"]
[Round "5.8"]
[White "Chapdelaine, Romain"]
[Black "Tissot, Fabien"]
[Result "1-0"]
[WhiteElo "1970"]
[BlackElo "1883"]
[PlyCount "153"]

1. c4 Nf6 2. Nf3 g6 3. Nc3 Bg7 4. g3 O-O 5. Bg2 c6 6. e4 d6 7. d4 Nbd7 8. O-O
e5 9. dxe5 Nxe5 10. Nxe5 dxe5 11. Be3 Qe7 12. f3 Qb4 13. Qb3 a5 14. Na4 Be6 15.
Qxb4 axb4 16. Nb6 Ra5 17. Rfd1 Re8 18. b3 Bf8 19. Rd2 Bc5 20. Bxc5 Rxc5 21.
Rad1 Ra5 22. h4 Ra6 23. c5 Ra5 24. Rc1 Kf8 25. Kh2 Ke7 26. Bh3 Bxh3 27. Kxh3
Rd8 28. Rxd8 Kxd8 29. Na4 h5 30. Rc4 Rb5 31. Nb2 Nd7 32. Nd3 Kc7 33. f4 exf4
34. gxf4 Ra5 35. Rc2 Rb5 36. Kg3 b6 37. cxb6+ Kxb6 38. Nb2 Kc7 39. Nc4 Rb8 40.
e5 Re8 41. Nd6 Re7 42. Ne4 Kb6 43. Rc4 c5 44. Kf3 Kc6 45. Rc2 Re6 46. Ng5 Re7
47. Rd2 f6 48. Rd6+ Kc7 49. Rxf6 Kb7 50. Rf7 Rxf7 51. Nxf7 Nf8 52. Ke4 Kc6 53.
Ng5 Nd7 54. Nh7 c4 55. bxc4 Nc5+ 56. Ke3 Ne6 57. Ng5 Ng7 58. Nf3 Kc5 59. Kd3
Ne6 60. Ke4 Kxc4 61. f5 Nc5+ 62. Kf4 gxf5 63. Kxf5 Kd5 64. Ng5 Na6 65. e6 Kd6
66. Kf6 Nc7 67. Ne4+ Kd5 68. Ng5 Kc4 69. e7 Kc3 70. Ne4+ Kb2 71. Kf7 Kxa2 72.
e8=Q Nxe8 73. Kxe8 b3 74. Kf7 b2 75. Kg6 Kb3 76. Nd2+ Kc2 77. Nc4 1-0

[Event "Championnat de France - Open B"]
[Site "Aix-les-Bains"]
[Date "????.??.??"]
[Round "5.9"]
[White "Iwanesko, Alexandre"]
[Black "Maiffret, Patrick"]
[Result "1-0"]
[WhiteElo "1882"]
[BlackElo "1965"]
[PlyCount "77"]

1. Nf3 Nf6 2. c4 c5 3. Nc3 e6 4. d4 cxd4 5. Nxd4 Nc6 6. e4 Bb4 7. Nxc6 bxc6 8.
Bd3 e5 9. O-O O-O 10. a3 Bc5 11. Rb1 d6 12. Bg5 h6 13. Bh4 g5 14. Bg3 Bg4 15.
Be2 Qd7 16. Bxg4 Qxg4 17. b4 Bd4 18. Qxg4 Nxg4 19. Ne2 Bb6 20. Rfc1 Rfd8 21. c5
dxc5 22. bxc5 Ba5 23. h3 Nf6 24. Bxe5 Nxe4 25. Nd4 Rac8 26. Nf5 Kh7 27. Ne7 Bc7
28. Nxc8 Bxe5 29. Nd6 Nxd6 30. cxd6 Rxd6 31. Rb7 Bd4 32. Rxf7+ Kg6 33. Re7 c5
34. Rxa7 c4 35. Ra4 c3 36. Kf1 Bf6 37. Rc4 Rd2 38. Rc6 Kf5 39. g4+ 1-0

[Event "Championnat de France - Open B"]
[Site "Aix-les-Bains"]
[Date "????.??.??"]
[Round "5.10"]
[White "Lorieux, Christian"]
[Black "Neuhauser, Salome"]
[Result "1-0"]
[WhiteElo "1961"]
[BlackElo "1878"]
[PlyCount "49"]

1. f4 c5 2. e3 e6 3. Nf3 d5 4. Bb5+ Bd7 5. Bxd7+ Qxd7 6. Ne5 Qc7 7. b3 Bd6 8.
Bb2 f6 9. Nf3 Nc6 10. O-O Nge7 11. g3 O-O 12. d4 Qb6 13. Nc3 Nf5 14. Na4 Qa5
15. Qe2 cxd4 16. exd4 Rfe8 17. g4 b5 18. gxf5 exf5 19. Qd3 bxa4 20. Qxf5 a3 21.
Bc1 Rad8 22. Bd2 Bb4 23. Rae1 Ne7 24. Qe6+ Kf8 25. Ng5 1-0

[Event "Championnat de France - Open B"]
[Site "Aix-les-Bains"]
[Date "????.??.??"]
[Round "6.1"]
[White "Gertosio, Franck"]
[Black "Bismuth, Lea"]
[Result "1-0"]
[WhiteElo "1903"]
[BlackElo "1931"]
[PlyCount "61"]

1. e4 c5 2. Nf3 Nc6 3. c3 d5 4. exd5 Qxd5 5. d4 Bg4 6. Be2 Nf6 7. O-O e6 8. Be3
cxd4 9. Nxd4 Bxe2 10. Qxe2 Rd8 11. Nb5 Bd6 12. N1a3 Qe5 13. Nxd6+ Qxd6 14. Rad1
Qb8 15. Bc5 Nd5 16. c4 Nde7 17. Rxd8+ Qxd8 18. Rd1 Qc8 19. b4 b6 20. Bd6 Qb7
21. Qe4 Nd8 22. Qh4 f6 23. Qh5+ g6 24. Qb5+ Qc6 25. Qa6 Qb7 26. Qa4+ Qd7 27.
Nb5 Nec6 28. Bc7 Qe7 29. Bxd8 Nxd8 30. Nc7+ Kf8 31. Rxd8+ 1-0

[Event "Championnat de France - Open B"]
[Site "Aix-les-Bains"]
[Date "????.??.??"]
[Round "6.2"]
[White "Giua, Stephanie"]
[Black "Giry, Jean-Marc"]
[Result "1/2-1/2"]
[WhiteElo "1968"]
[BlackElo "2000"]
[PlyCount "145"]

1. e4 b6 2. d4 Bb7 3. Bd3 e6 4. Nf3 Nf6 5. e5 Nd5 6. a3 c5 7. O-O Nc6 8. c4 Nc7
9. Be4 cxd4 10. Nxd4 Qh4 11. Nc3 Na5 12. Bxb7 Nxb7 13. Be3 Bc5 14. g3 Qh3 15.
Qf3 Rb8 16. Ne4 Bxd4 17. Ng5 Qf5 18. Qxf5 exf5 19. Bxd4 Ne6 20. Nxe6 fxe6 21.
Rfd1 Rc8 22. Rac1 Ke7 23. Rc3 Rc6 24. b3 Rhc8 25. Rcd3 g6 26. Bc3 R6c7 27. f4
Ke8 28. Bb4 Nc5 29. Bxc5 bxc5 30. Kg2 Rb8 31. Kh3 Rb6 32. Re3 Rcb7 33. Rdd3 Ra6
34. a4 Rab6 35. Kg2 Ke7 36. Kf2 h6 37. Ke2 g5 38. Kd2 d6 39. exd6+ Rxd6 40.
Rxd6 Kxd6 41. Kc3 g4 42. Rd3+ Ke7 43. Re3 Rb8 44. Re5 Kd6 45. Re2 a5 46. Rd2+
Ke7 47. Re2 h5 48. Re3 Rh8 49. Kd2 h4 50. Kd3 hxg3 51. hxg3 Rh2 52. Kc3 Rf2 53.
Kd3 Kd6 54. Kc3 e5 55. Rxe5 Rf3+ 56. Kc2 Rxg3 57. Rxf5 Rf3 58. Rd5+ Kc6 59. Rf5
Rf2+ 60. Kc3 g3 61. Rg5 g2 62. Rg3 Kd6 63. Kd3 Ke6 64. Ke4 Re2+ 65. Kf3 Rb2 66.
Rxg2 Rxb3+ 67. Kg4 Rc3 68. Re2+ Kf6 69. Re4 Rc1 70. f5 Rg1+ 71. Kf4 Rf1+ 72.
Kg4 Rxf5 73. Rf4 1/2-1/2

[Event "Championnat de France - Open B"]
[Site "Aix-les-Bains"]
[Date "????.??.??"]
[Round "6.3"]
[White "Miras, Christophe"]
[Black "Chapdelaine, Romain"]
[Result "0-1"]
[WhiteElo "1871"]
[BlackElo "1970"]
[PlyCount "56"]

1. d4 c5 2. d5 e6 3. Nc3 exd5 4. Nxd5 Nf6 5. Bg5 Be7 6. Nxe7 Qxe7 7. e3 Qe5 8.
Bxf6 Qxf6 9. c3 O-O 10. Nf3 Nc6 11. Bd3 d5 12. Qc2 h6 13. h4 c4 14. Be2 b5 15.
Rd1 Bf5 16. Qd2 Be4 17. O-O a6 18. Nd4 Ne5 19. f3 Bh7 20. g3 Rae8 21. Nc2 Qg6
22. Nb4 Qxg3+ 23. Kh1 Qxh4+ 24. Kg2 Re6 25. Rg1 Rg6+ 26. Kf1 Qh3+ 27. Kf2 Qh2+
28. Ke1 Rxg1+ 0-1

[Event "Championnat de France - Open B"]
[Site "Aix-les-Bains"]
[Date "????.??.??"]
[Round "6.4"]
[White "Lamard, Guillaume"]
[Black "Lorieux, Christian"]
[Result "0-1"]
[WhiteElo "1902"]
[BlackElo "1961"]
[PlyCount "86"]

1. d4 Nf6 2. c4 c5 3. d5 b5 4. Qc2 bxc4 5. e4 d6 6. Bxc4 g6 7. Nf3 Nbd7 8. O-O
Bg7 9. Bf4 Ng4 10. Nc3 O-O 11. Rae1 Rb8 12. h3 Nge5 13. Nxe5 Nxe5 14. Bxe5 Bxe5
15. f4 Bd4+ 16. Kh1 Qa5 17. a3 Rxb2 18. Qxb2 Bxc3 19. Qc1 Bxe1 20. Rxe1 Ba6 21.
Bxa6 Qxa6 22. Qc3 Qb7 23. Rf1 Rb8 24. f5 Qb3 25. Qa5 Qb5 26. Qe1 Qd3 27. fxg6
hxg6 28. Qf2 f6 29. Qf4 Rb1 30. Rxb1 Qxb1+ 31. Kh2 Qb2 32. Qg4 Qe5+ 33. Kh1 Kf7
34. a4 Qa1+ 35. Kh2 Qxa4 36. Qe6+ Kf8 37. Qc8+ Qe8 38. Qc7 Qa8 39. h4 Qe8 40.
Qxa7 Qc8 41. Kg3 c4 42. Qe3 Kg7 43. Qc3 Qc5 0-1

[Event "Championnat de France - Open B"]
[Site "Aix-les-Bains"]
[Date "????.??.??"]
[Round "6.5"]
[White "Bekhouche, Christophe"]
[Black "Ouradou, Frederic"]
[Result "1-0"]
[WhiteElo "1954"]
[BlackElo "1930"]
[PlyCount "81"]

1. d4 d5 2. Nf3 e6 3. Bf4 c5 4. e3 Nc6 5. c3 Nf6 6. Nbd2 cxd4 7. exd4 Bd6 8.
Bg3 O-O 9. Bd3 Qc7 10. Qe2 Nh5 11. Ne5 Nf6 12. f4 Nd7 13. O-O f6 14. Qh5 f5 15.
Bh4 Nf6 16. Bxf6 Rxf6 17. Ndf3 Rh6 18. Qe8+ Bf8 19. Bb5 Nxe5 20. Nxe5 Qe7 21.
Rae1 a6 22. Qxe7 Bxe7 23. Bd3 g5 24. fxg5 Bxg5 25. Nf3 Bf4 26. g3 Bd6 27. Ne5
Bxe5 28. Rxe5 Bd7 29. c4 dxc4 30. Bxc4 Kg7 31. Rfe1 Rc8 32. Bb3 Kf6 33. Bxe6
Bxe6 34. Rxe6+ Kg5 35. h4+ Kh5 36. g4+ fxg4 37. R1e5+ Kxh4 38. Rxh6+ Kg3 39.
Re3+ Kf4 40. Rd3 Re8 41. Rxh7 1-0

[Event "Championnat de France - Open B"]
[Site "Aix-les-Bains"]
[Date "????.??.??"]
[Round "6.6"]
[White "Robert-Dehault, Etienne"]
[Black "Mehiaoui, Dounia"]
[Result "1-0"]
[WhiteElo "1950"]
[BlackElo "1909"]
[PlyCount "69"]

1. d4 Nf6 2. c4 c5 3. d5 b5 4. cxb5 a6 5. bxa6 Bxa6 6. Nc3 g6 7. g3 d6 8. Bg2
Bg7 9. Nf3 O-O 10. O-O Nbd7 11. Rb1 Qa5 12. Re1 Rfb8 13. Bd2 Nb6 14. b3 Qa3 15.
e4 Bd3 16. Bc1 Qa6 17. Bf1 Bxf1 18. Rxf1 Ng4 19. Bb2 Nd7 20. Nd2 Nge5 21. Na4
Qd3 22. f4 Qe3+ 23. Kg2 Nd3 24. Bxg7 Kxg7 25. Rf3 Qd4 26. Nc4 Qxe4 27. Nc3
Nxf4+ 28. gxf4 Qf5 29. Qd3 Qg4+ 30. Kh1 Nf6 31. Rg1 Qh4 32. Ne3 Kf8 33. Ng2 Qh5
34. Rh3 Ng4 35. Rf1 1-0

[Event "Championnat de France - Open B"]
[Site "Aix-les-Bains"]
[Date "????.??.??"]
[Round "6.7"]
[White "Bollard, Maxime"]
[Black "Iwanesko, Alexandre"]
[Result "0-1"]
[WhiteElo "1949"]
[BlackElo "1882"]
[PlyCount "89"]

1. d4 Nf6 2. c4 g6 3. Nc3 Bg7 4. e4 d6 5. Be2 O-O 6. Nf3 e5 7. O-O Nc6 8. d5
Ne7 9. Nd2 Nd7 10. b4 f5 11. Ba3 Nf6 12. f3 f4 13. c5 g5 14. Nc4 h5 15. b5 Ne8
16. b6 axb6 17. cxb6 Rf6 18. Qb3 g4 19. bxc7 Nxc7 20. Nb6 g3 21. h3 Rxa3 22.
Qxa3 Nb5 23. Nxb5 Qxb6+ 24. Kh1 Ng6 25. Qa7 Qd8 26. Qa8 Rf8 27. Na7 Qa5 28. Qb8
Bxh3 29. Qxd6 Bxg2+ 30. Kxg2 Qd2 31. Qe6+ Kh7 32. Qh3 Qxe2+ 33. Kh1 Nh4 34.
Qxh4 g2+ 35. Kg1 gxf1=Q+ 36. Rxf1 Rf6 37. Qf2 Qa6 38. Nc8 Bf8 39. Rc1 b6 40.
Rc7+ Kh6 41. Kh2 Bc5 42. Qc2 Rg6 43. Rc6 Rxc6 44. dxc6 Qxc8 45. Qa4 0-1

[Event "Championnat de France - Open B"]
[Site "Aix-les-Bains"]
[Date "????.??.??"]
[Round "6.8"]
[White "Roubaud, Alexandre"]
[Black "Pouchon, Mickael"]
[Result "1-0"]
[WhiteElo "1842"]
[BlackElo "1946"]
[PlyCount "45"]

1. e4 e5 2. Nf3 Nc6 3. d4 exd4 4. Nxd4 Bc5 5. Be3 Qf6 6. c3 Nge7 7. Bc4 Ne5 8.
Be2 d5 9. f4 Nc4 10. Bxc4 dxc4 11. Qa4+ Bd7 12. Qxc4 Bb6 13. O-O O-O 14. Qe2
Rfe8 15. Nd2 Nf5 16. exf5 c5 17. N4f3 Qxf5 18. Qf2 Qd3 19. Ne5 Qxe3 20. Qxe3 c4
21. Qxb6 axb6 22. Nxd7 Rad8 23. Rae1 1-0

[Event "Championnat de France - Open B"]
[Site "Aix-les-Bains"]
[Date "????.??.??"]
[Round "6.9"]
[White "Gonzalez, Maxime"]
[Black "Millon, Valentin"]
[Result "1-0"]
[WhiteElo "1824"]
[BlackElo "1938"]
[PlyCount "73"]

1. e4 c5 2. Nf3 e6 3. Nc3 a6 4. d4 cxd4 5. Nxd4 Qc7 6. Be3 Bb4 7. Qd3 Nf6 8. f3
d5 9. e5 Qxe5 10. O-O-O Qc7 11. Bg5 Bxc3 12. bxc3 Nbd7 13. h4 Ne5 14. Qe3 Nc4
15. Bxc4 Qxc4 16. Nf5 Kd7 17. Qe5 Qc7 18. Bxf6 Qxe5 19. Bxe5 exf5 20. Rxd5+ Kc6
21. Rd6+ Kc5 22. Rhd1 Be6 23. Bxg7 Rhg8 24. Bf6 Rxg2 25. Be7 Kb5 26. Kb2 Rc8
27. Rb1 Rc6 28. Kc1+ Ka5 29. Bd8+ Ka4 30. Rd4+ Rc4 31. Rb4+ Rxb4 32. Rxb4+ Ka3
33. Be7 Rg1+ 34. Kd2 Rg2+ 35. Kc1 Rg1+ 36. Kd2 Rf1 37. Rb1+ 1-0